| 000 | 01080cam a22002892 4500 | ||
|---|---|---|---|
| 001 | 77260 | ||
| 003 | BD-RjUL | ||
| 005 | 20211209082942.0 | ||
| 008 | 200309s1962 ncu b 000 0 eng | ||
| 035 | _aOCLC ocm00247957 from D970121M | ||
| 040 |
_aDLC _cCDC _dSER _dDGW _dEQO _beng |
||
| 041 | _aeng | ||
| 082 |
_a822.3581 _223 _bTAP 1962 |
||
| 100 | 1 |
_aTalbert, Ernest William, _d1909- _9240530 |
|
| 245 | 1 | 4 |
_aThe problem of order : _bElizabethan political commonplaces and an example of Shakespeare's art./ _cernest william Talbert |
| 260 |
_aChapel Hill : _bUniversity of North Carolina Press, _c[1962] |
||
| 300 |
_aix, 244 p. ; _c24 cm. |
||
| 504 | _aBibliographical references included in "Notes" (p. [201]-236) | ||
| 600 | 1 | 0 |
_aDaniel, Samuel, _d1562-1619. _9240531 |
| 600 | 1 | 0 |
_aShakespeare, William, _d1564-1616 _xPolitical and social views. _9240532 |
| 650 | 0 |
_aPolitical science _zGreat Britain _xHistory. _9240533 |
|
| 942 |
_2ddc _cBK |
||
| 999 |
_c77260 _d77260 |
||